Wersje językowe Wikipedii z największą liczbą artykułów - Statystyki

Ogólne statystyki
  • Ten quiz został rozwiązany 205 razy
  • Średni wynik to 13 z 20
Statystyki odpowiedzi
L.p. Język Liczba artykułów % Poprawnych
1. angielski 6 498 987
99%
11. polski 1 521 890
98%
8. hiszpański 1 774 153
96%
3. niemiecki 2 690 360
96%
13. chiński 1 275 369
95%
5. francuski 2 423 080
93%
7. rosyjski 1 819 689
92%
12. japoński 1 325 769
90%
18. portugalski 1 091 643
89%
9. włoski 1 754 708
87%
16. arabski 1 167 582
81%
10. arabski egipski 1 576 683
81%
17. ukraiński 1 153 980
74%
4. szwedzki 2 558 041
65%
19. perski 909 927
34%
6. niderlandzki 2 090 316
32%
14. wietnamski 1 272 253
29%
2. cebuański 6 125 891
5%
20. kataloński 701 329
4%
15. warajski 1 265 729
1%
Nie znaleziono quizów pasujących do podanych kryteriów
Rozkład punktacji
Procent ludzi z każdym wynikiem
Percentyl według liczby udzielonych odpowiedzi
Twoja historia wyników
Nie rozwiązałeś tego quizu